| 000 | 00717nam a2200253Ia 4500 | ||
|---|---|---|---|
| 003 | OSt | ||
| 005 | 20220918214509.0 | ||
| 006 | a|||||r|||| 00| 0 | ||
| 007 | ta | ||
| 008 | 220917b |||||||| |||| 00| 0 eng d | ||
| 024 | _a137,689 | ||
| 037 | _cTextual | ||
| 040 |
_aARTS _cARTS _beng |
||
| 041 |
_2eng _aeng |
||
| 082 | _aY:351.654B, L5 | ||
| 100 |
_aBen-Amos Dan _9131501 |
||
| 245 | 0 |
_aSweet words _b Story telling events in Benins |
|
| 260 |
_aPhiladelphia _bInstt. for the study of Human Issues _c1975 |
||
| 300 |
_a93p. _ccm. |
||
| 500 | _aAppendix p55-78; Bibliography p85-90 | ||
| 650 | _aSOCIOLOGY | ||
| 942 |
_hY:351.654B, L5 _cTEXL _2CC |
||
| 999 |
_c260768 _d260768 |
||